| 000 | 00560nam a2200181Ia 4500 | ||
|---|---|---|---|
| 003 | GCL | ||
| 005 | 20240530103354.0 | ||
| 008 | 140319s9999 xx 000 0 ara d | ||
| 040 |
_aGCL / _cGCL |
||
| 082 | 0 | 4 |
_a191 _bع ا |
| 100 | 1 | _aعبدالرحمن بدوى | |
| 245 | 1 | 0 |
_aافلوطين عند العرب / _cعبدالرحمن بدوى |
| 260 |
_aالكويت: _bوكالة المطبوعات، _c1977 |
||
| 300 |
_a256 ص؛ _c24 سم |
||
| 650 | 0 | 4 | _aالفلسفة الاسلامية |
| 650 | 0 | 4 | _aالفلاسفة المسلمون |
| 942 |
_2ddc _cBK |
||
| 999 |
_c38893 _d38893 |
||